The correlates of war:11; (Record no. 131838)
[ view plain ]
| 000 -LEADER | |
|---|---|
| fixed length control field | 00544nam a22001577a 4500 |
| 008 - FIXED-LENGTH DATA ELEMENTS--GENERAL INFORMATION | |
| fixed length control field | 240311b |||||||| |||| 00| 0 eng d |
| 020 ## - INTERNATIONAL STANDARD BOOK NUMBER | |
| International Standard Book Number | 0029290104. |
| 050 ## - LIBRARY OF CONGRESS CALL NUMBER | |
| Classification number | U21.2.C67 |
| 100 ## - MAIN ENTRY--PERSONAL NAME | |
| Personal name | Inger,David .J |
| 9 (RLIN) | 52562 |
| 245 ## - TITLE STATEMENT | |
| Title | The correlates of war:11; |
| Remainder of title | testing some realpolitik models, |
| Statement of responsibility, etc | J.David SInger |
| 260 ## - PUBLICATION, DISTRIBUTION, ETC. (IMPRINT) | |
| Place of publication, distribution, etc | New York: |
| Name of publisher, distributor, etc | The Free Press, |
| Date of publication, distribution, etc | 1980. |
| 300 ## - PHYSICAL DESCRIPTION | |
| Extent | xxxviii; |
| Other physical details | 328p, |
| Dimensions | 24cm. |
| 650 ## - SUBJECT ADDED ENTRY--TOPICAL TERM | |
| Form subdivision | Research origins and rationale; |
| General subdivision | testing some realpolitik models, |
| 9 (RLIN) | 52563 |
| 650 ## - SUBJECT ADDED ENTRY--TOPICAL TERM | |
| General subdivision | international relations. |
| 942 ## - ADDED ENTRY ELEMENTS (KOHA) | |
| Source of classification or shelving scheme | Library of Congress Classification |
| Item type | Monograph ( Printed materials) |
| Withdrawn status | Lost status | Source of classification or shelving scheme | Damaged status | Not for loan | Home library | Current library | Shelving location | Date acquired | Total Checkouts | Full call number | Barcode | Date last seen | Price effective from | Koha item type |
|---|---|---|---|---|---|---|---|---|---|---|---|---|---|---|
| Library of Congress Classification | ARRUPE LIBRARY | ARRUPE LIBRARY | Main Collection | 11/03/2024 | U21.2.C67 | 46600009183 | 11/03/2024 | 11/03/2024 | Monograph ( Printed materials) |